Statistiques concernant Monsieur et Madame…ont... #1

Cliquez ici pour prendre le quiz!

Statistiques générales

  • Ce quiz a été pris 111 fois
  • Le résultat moyen est 3 sur 15

Statistiques - réponses

Monsieur et Madameont un(e)Quel est son prénom ?% Correct
SleighfilsBob (bobsleigh)
80%
KondafilleAnna (anaconda)
48%
BonfilsJean (jambon)
45%
MagnefilsCharles (Charlemagne)
35%
NastykfilsJim (gymnastique)
28%
PardfilsLéo (léopard)
28%
TinefilsClément (clémentine)
25%
CotfilsHarry (haricot)
12%
ZarellafilleMaude (mozzarella)
12%
DiotefilleKelly (quelle idiote)
11%
HonnêtefilleCamille (camionnette)
5%
TartinefilleKimberley (qui me beurre les tartines)
3%
NoufilleMarion (marions-nous)
3%
VousfilsThésée (taisez-vous)
2%
EhfillePaulette (épaulette)
1%

Distribution des résultats

Percentile par nombre de réponses

% des personnes avec chaque résultat

Votre développement - résultats

Vous n’avez pas pris ce quiz